000 01066cam2a220028900 4500
001 lce00925022
008 700330s1968 enk 000 0 eng b
010 _a 73450317 //r85
015 _aB69-21542
020 _a0950050407
020 _c25/-
035 _a(Sirsi) r56639
035 _a(DLC) 73450317 //r85
035 _a(UPRA)lce00925022
040 _dUPRA
050 1 _aQP801.V5
060 _aQU 160
_b R687cd 1968
082 _a612/.399
100 1 _aRodale, J. I. (Jerome Irving), 1898-1971.
_qRodale, J. I. (Jerome Irving), 1898-1971.
_dRodale, J. I. (Jerome Irving), 1898-1971.
_6A15442.1
245 1 2 _aA complete guide to vitamins /
_cby J.I. Rodale ; and the editorial staff of Prevention Magazine.
260 _aBerkhamsted (Herts.) ; Emmaus, PA :
_aBerkhamsted (Herts.) ; Emmaus, PA :
_bRodale P.,
_c1968.
650 0 _aVitamins.
_6S11119.1
650 2 _aVitamins -- popular works.
_xVitamins -- popular works.
_6S11121.1
730 0 _aPrevention.
949 _aQP801.V5
_wlcc
_i33729000265418
_mMAIN
_p2500
_tBOOK
_lON-SHELF
004 56639
999 _c148123
_d148123